Come back
| Main Author: | |
|---|---|
| Format: | Book |
| Published: |
London :
Michael Joseph ,
1985
|
MARC
| LEADER | 00000cam a2200000 7i4500 | ||
|---|---|---|---|
| 001 | 0000008924 | ||
| 002 | 000009724 | ||
| 005 | 20000330.0 | ||
| 020 | |a 0718122968 | ||
| 090 | 0 | 0 | |a F |b SMI |
| 100 | 1 | |a Smith, Jonathan | |
| 245 | 1 | 0 | |a Come back |c Jonathan Smith |
| 260 | |a London : |b Michael Joseph , |c 1985 | ||
| 300 | |a 183 p. ; |c 17 cm. | ||
| 999 | |a 0008800 |b BUKU |c PINJAMAN |e PERPUSTAKAAN KOMUNITI PETALING JAYA | ||